Electrónica de los sistemas a los componentes
| Main Author: | |
|---|---|
| Format: | Section = Libro |
| Language: | Undetermined Spanish |
| Published: |
United States
Addison/Wesley
1995
|
| Subjects: |
| LEADER | 00624nam a2200217Ia 4500 | ||
|---|---|---|---|
| 008 | 240829s9999 xx 000 0 und d | ||
| 020 | |a 0-201-62572-5 | ||
| 040 | |a BIBLIOTECA-RUSB/ 621.3815 S884 | ||
| 041 | |a spa | ||
| 082 | |a 621.3815 S884 | ||
| 100 | 1 | |a Storey, Neil | |
| 245 | 1 | 0 | |a Electrónica de los sistemas a los componentes |
| 260 | |a United States |b Addison/Wesley |c 1995 | ||
| 300 | |a 650 p. :il. | ||
| 650 | 7 | |a CIRCUITOS ELECTRÓNICOS | |
| 650 | 7 | |b SISTEMAS ELECTRONICOS | |
| 650 | 7 | |c REALIMENTACION ELECTRONICA | |
| 650 | 7 | |d SISTEMAS ANÁLOGICOS ELECTRÓNICOS | |
| 942 | |c BK |2 ddc | ||
| 991 | |a TEXTO | ||
| 999 | |c 3412 | ||